| 000 | 00514nam a2200193Ia 4500 | ||
|---|---|---|---|
| 999 |
_c4162 _d4162 |
||
| 020 | _a81-7808-974-2 | ||
| 082 | _a330.15195 GRE-E SL1 | ||
| 100 | _aGreene, William H. | ||
| 245 | 0 | _aEconometric analysis | |
| 250 | _a5th | ||
| 260 |
_aDelhi _bPearson Education _c2004 |
||
| 300 | _axxx, 1026 | ||
| 504 | _aIncludes appendix and index | ||
| 650 | _aEconometrics | ||
| 650 |
_aEconomics _vStatistical methods |
||
| 650 | _aEconomics, Mathematical statistics | ||
| 650 | _aEconomic statistics | ||
| 942 | _cBK | ||